Hikayat Panji Semirang (Record no. 68492)

MARC details
000 -LEADER
fixed length control field 00766nam a2200265 i 4500
001 - CONTROL NUMBER
control field C2-0256277
003 - CONTROL NUMBER IDENTIFIER
control field PPAK
005 - DATE AND TIME OF LATEST TRANSACTION
control field 20180727223724.0
008 - FIXED-LENGTH DATA ELEMENTS--GENERAL INFORMATION
fixed length control field 040710s2004 my |||| ||||| | may d
020 ## - INTERNATIONAL STANDARD BOOK NUMBER
International Standard Book Number 9836279083
040 ## - CATALOGING SOURCE
Original cataloging agency PPAK
Language of cataloging eng
Transcribing agency PPAK
Description conventions rda
082 04 - DEWEY DECIMAL CLASSIFICATION NUMBER
Classification number 398.2
Edition number 23
090 00 - LOCALLY ASSIGNED LC-TYPE CALL NUMBER (OCLC); LOCAL CALL NUMBER (RLIN)
Classification number (OCLC) (R) ; Classification number, CALL (RLIN) (NR) 398.2
Feature heading HIK
Feature heading G
245 00 - TITLE STATEMENT
Title Hikayat Panji Semirang
264 #1 - PRODUCTION, PUBLICATION, DISTRIBUTION, MANUFACTURE, AND COPYRIGHT NOTICE
Place of production, publication, distribution, manufacture Kuala Lumpur :
Name of producer, publisher, distributor, manufacturer Dewan Bahasa dan Pustaka ,
Date of production, publication, distribution, manufacture, or copyright notice 2004
300 ## - PHYSICAL DESCRIPTION
Extent viii, 140 pages ;
Dimensions 19 cm
336 ## - CONTENT TYPE
Source rdacontent
Content type term text
337 ## - MEDIA TYPE
Source rdamedia
Media type term unmediated
338 ## - CARRIER TYPE
Source rdacarrier
Carrier type term volume
490 1# - SERIES STATEMENT
Series statement Siri karya sastera klasik untuk remaja
650 10 - SUBJECT ADDED ENTRY--TOPICAL TERM
Topical term or geographic name entry element Folk literature.
700 0# - ADDED ENTRY--PERSONAL NAME
Personal name Hamsiah Haji Abd. Hamid,
Relator term compile
830 #0 - SERIES ADDED ENTRY--UNIFORM TITLE
Uniform title Siri karya sastera klasik untuk remaja
942 ## - ADDED ENTRY ELEMENTS (KOHA)
-- dc
Koha item type Book
Holdings
Withdrawn Not for loan Current library Shelving location Date acquired Full call number Barcode Date last seen Koha item type Total Checkouts
    Perpustakaan Kuala Kedah Pinjaman Dewasa 05/04/2005 398.2 HIK A01084026 08/05/2018 Book  
    PD15, Kg. Naga, Kepala Batas Pinjaman Dewasa 18/08/2004 398.2 HIK A01068057 08/05/2018 Book  
    PD35, Kg. Sungai Daun, Yan Pinjaman Dewasa 18/08/2004 398.2 HIK A01068052 08/05/2018 Book  
    PD36, Kg. Kuala Lanjut, Kota Star Pinjaman Dewasa 18/08/2004 398.2 HIK A01068053 08/05/2018 Book  
    PD37, Kg. Belat, Pendang Pinjaman Dewasa 18/08/2004 398.2 HIK A01068054 08/05/2018 Book